[Event "IM Marmaris Karia VI 2019"]
[Site "Marmaris"]
[Date "2019.04.23"]
[Round "1.1"]
[White "Suleymanli, Aydin"]
[Black "Morozov, Nichita"]
[Result "0-1"]
[WhiteElo "2334"]
[BlackElo "2398"]
[Annotator "TA"]
[PlyCount "52"]
[EventDate "2019.04.24"]
[EventType "schev"]
[EventCountry "TUR"]
[SourceTitle "playchess.com"]
[Source "ChessBase"]
[SourceQuality "1"]

{[%evp 17,59,8,108,98,127,131,132,121,133,130,149,131,165,133,158,147,141,147,159,163,183,179,179,175,170,169,207,208,204,196,251,208,206,-831,-826,-29988,154,-3506,172,-1177,-1120,-29991,-72,-29998]} 1. d4 d5 2. e3 c6 3. c4 Nf6 4. Nf3 Bf5 5. Nc3 e6 6. Bd3 Bxd3 7. Qxd3 Bb4 8. O-O O-O 9. Bd2 Nbd7 (9... Qe7 $11 {remains equal.}) 10. Nxd5 $1 $16 {[%mdl 64] Discovered Attack. D12: Slav Defence: 3 Nf3 Nf6 4 e3 Bf5} Bxd2 11. Nxf6+ Qxf6 12. Qxd2 {White is clearly better.} a5 $146 ({Predecessor:} 12... Rfd8 13. Qc3 Qf5 14. Rad1 Nf6 15. Rfe1 Ne4 16. Qc2 g5 17. Qe2 f6 {1-0 (39) Kharitonov,A (2550)-Houtman,J (2405) Leeuwarden 1995}) 13. Qc3 h6 14. Rfd1 Rfc8 15. Ne5 Nxe5 16. dxe5 Qf5 17. c5 Rab8 18. b3 Ra8 19. Rd6 Qg4 20. Rd4 Qe2 21. Re1 Qh5 22. h3 Rf8 23. Rd7 Rad8 (23... Rfd8 $142 24. Rd6 (24. Rxb7 Qf5 $18) 24... Re8) 24. Rd6 Ra8 25. Rd8 $4 {[%mdl 8192]} (25. Red1 $18) 25... Raxd8 $19 26. Rd1 Rxd1+ {Played: Rd8-d6} 0-1

[Event "IM Marmaris Karia VI 2019"]
[Site "Marmaris"]
[Date "2019.04.23"]
[Round "1.3"]
[White "Atakishiyev, Elmar"]
[Black "Simantsev, Mikhail"]
[Result "1/2-1/2"]
[WhiteElo "2114"]
[BlackElo "2395"]
[Annotator "TA"]
[PlyCount "60"]
[EventDate "2019.04.24"]
[EventType "schev"]
[EventCountry "TUR"]
[SourceTitle "playchess.com"]
[Source "ChessBase"]
[SourceQuality "1"]

{[%evp 18,60,0,-4,0,-20,88,81,216,-1,0,-2,-29,-26,-9,-45,0,-28,-31,-32,-26,-18,-6,-18,-18,-19,-14,-21,-16,-58,-24,-95,-97,-103,-94,-103,-94,-106,-82,-127,-113,-117,-114,-108,-106]} 1. d4 Nf6 2. c4 e6 3. Nc3 Bb4 4. e3 c5 5. Bd3 cxd4 6. exd4 O-O 7. Nge2 d5 8. O-O dxc4 9. Bxc4 Nc6 10. Bg5 h6 {E48: Nimzo-Indian: Rubinstein: 5 Bd3 d5 including 6 Ne2, but excluding 6 a3} (10... Be7 11. a3 Nd5 12. Bxe7 Ncxe7 13. Re1 b6 14. Bxd5 Nxd5 15. Nxd5 Qxd5 16. Nc3 Qg5 17. Qf3 Rb8 18. Rad1 Bb7 19. Qg3 Qxg3 20. hxg3 {1-0 (46) Rakhmanov,A (2654)-Sarana,A (2543) Sochi 2017}) 11. Bh4 b6 {[#]} (11... Be7 $11 {remains equal.}) 12. Qa4 $1 $16 {[%cal Ra4c6]} Bxc3 $146 (12... Bb7 $16) ({Predecessor:} 12... Bb7 13. Rad1 Be7 14. d5 Nxd5 15. Bxd5 exd5 16. Rxd5 Qc8 17. Rfd1 {½-½ (56) De la Torre Sanchez,M-Serra Olives,T (2229) Palma de Mallorca 2003}) 13. bxc3 $2 ({White should try} 13. Qxc6 $18 Bd7 14. Bxf6 gxf6 15. Qf3) 13... Bb7 $11 14. Ba6 Bxa6 15. Qxa6 Rc8 {[%cal Ba8c8,Bc8c7,Bc7d7][%mdl 32]} (15... g5 $5 {[%cal Rg5h4]} 16. Bg3 Rc8 $11) 16. Rfd1 Rc7 17. Bg3 Rd7 18. Qa4 Qc8 19. Rac1 Na5 20. c4 Qc6 21. Qxc6 Nxc6 22. d5 Rfd8 {[%cal Re6d5]} 23. h3 Ne7 {[%cal Re6d5]} 24. Nc3 (24. f3 $11) 24... exd5 $17 {Black is better.} 25. cxd5 Nexd5 26. Nxd5 Rxd5 27. Re1 Rc5 28. Rb1 Rd7 29. Rb2 Rcd5 30. Ree2 Nh5 {Accuracy: White = 40%, Black = 28%.} 1/2-1/2

[Event "IM Marmaris Karia VI 2019"]
[Site "Marmaris"]
[Date "2019.04.23"]
[Round "1.4"]
[White "Arda, Cagil Irmak"]
[Black "Guseynov, Alihan"]
[Result "0-1"]
[WhiteElo "2070"]
[BlackElo "2340"]
[Annotator "TA"]
[PlyCount "54"]
[EventDate "2019.04.24"]
[EventType "schev"]
[EventCountry "TUR"]
[SourceTitle "playchess.com"]
[Source "ChessBase"]
[SourceQuality "1"]

{[%evp 11,54,0,18,19,29,25,31,14,21,-6,0,-25,0,-42,-33,-42,-36,-39,-41,-30,-25,-28,-41,-34,-21,-31,-29,-37,-24,-30,-31,-39,-31,-87,-49,-57,-47,-140,-156,-468,-454,-906,-884,-852,-833]} 1. e4 c5 2. Nf3 Nc6 3. Bb5 g6 4. Bxc6 bxc6 5. O-O Bg7 6. c3 Nh6 7. d4 {B31: Sicilian: 2...Nc6 3 Bb5 g6} cxd4 8. cxd4 O-O 9. Nc3 {White is slightly better.} d5 10. exd5 $146 ({Predecessor:} 10. Ne5 dxe4 11. Bxh6 Bxh6 12. Nxe4 Qd5 13. Nc3 Qd6 14. Re1 Bf5 {1-0 (34) Andriasian,Z (2594)-Rogule,L (2289) Minsk 2015}) 10... cxd5 11. Bf4 Bg4 12. h3 (12. Qd2 $5 {[%cal Rf4h6]} Nf5 13. Ne5 $11) 12... Bxf3 13. Qxf3 (13. gxf3 $2 Nf5 $17) 13... Nf5 14. Qxd5 Qxd5 15. Nxd5 Rfd8 16. Nc3 Rxd4 17. g3 e5 18. Bc1 h5 19. Re1 Rd3 20. Rb1 Rb8 $36 {[%mdl 2048] White is under pressure.} 21. Ne4 Rc8 22. b3 (22. Bg5 $15) 22... Nd4 {[#] ...Nf3+ is the strong threat.} 23. Kg2 f5 24. Nd6 (24. Ng5 $1 $15) 24... Rc2 $17 {Hoping for ...h4.} 25. Rb2 $2 (25. Be3 $17 {is tougher.}) 25... Nf3 $19 {[%mdl 64] [#] Discovered Attack. Black is clearly winning.} 26. Re3 (26. Rh1 $142 Rxb2 27. Bxb2 Rxd6 28. Rc1) 26... Rxc1 27. Rxd3 Ne1+ {Accuracy: White = 29%, Black = 83%.} 0-1

[Event "IM Marmaris Karia VI 2019"]
[Site "Marmaris"]
[Date "2019.04.23"]
[Round "1.5"]
[White "Kizilkus, Akin"]
[Black "Darban, Morteza"]
[Result "1/2-1/2"]
[WhiteElo "2018"]
[BlackElo "2307"]
[Annotator "TA"]
[PlyCount "62"]
[EventDate "2019.04.24"]
[EventType "schev"]
[EventCountry "TUR"]
[SourceTitle "playchess.com"]
[Source "ChessBase"]
[SourceQuality "1"]

{[%evp 15,62,50,72,44,48,45,45,63,49,38,103,54,121,57,75,47,91,75,83,83,89,74,81,77,77,79,119,110,131,79,81,88,170,134,130,83,83,82,82,82,77,73,66,68,70,74,74,64,73]} 1. d4 e6 2. c4 f5 3. g3 Nf6 4. Bg2 Bb4+ 5. Nd2 O-O 6. Ngf3 d6 7. O-O Bxd2 8. Qxd2 Qe7 9. b3 {A90: Dutch Defence: Miscellaneous and Modern Stonewall (with ...Bd6)} e5 10. dxe5 dxe5 11. Bb2 Nc6 12. Rad1 Bd7 $146 (12... a5 $14) ({Predecessor:} 12... a5 13. a3 Re8 14. Qc2 Ra6 15. Bh3 Ng4 16. Nh4 f4 {½-½ (44) Stern,R (2495)-Kalinitschew,S (2462) Berlin 2010}) 13. Qc1 Rfd8 (13... a5 $1 $14) 14. c5 (14. Nh4 $16) 14... Be8 15. Ng5 Rxd1 16. Rxd1 Rd8 17. Rxd8 Nxd8 18. Qc4+ Kh8 19. Nf3 e4 {[#] And now ...Bf7 would win.} 20. Nd4 Qd7 21. Bh3 Bg6 22. f3 (22. Qb5 $142) 22... c6 23. b4 a6 (23... exf3 $16 24. exf3 Qe7) 24. a3 Nf7 25. Qe6 {Qxd7 is the strong threat.} Ng5 26. Qxd7 Nxh3+ 27. Kg2 Nxd7 28. Kxh3 exf3 29. exf3 Ne5 30. Ne6 Nxf3 31. Nxg7 Kg8 {Accuracy: White = 61%, Black = 46%.} 1/2-1/2

[Event "IM Marmaris Karia VI 2019"]
[Site "Marmaris"]
[Date "2019.04.23"]
[Round "2.1"]
[White "Sibashvili, Giorgi"]
[Black "Suleymanli, Aydin"]
[Result "1/2-1/2"]
[WhiteElo "2398"]
[BlackElo "2334"]
[Annotator "TA"]
[PlyCount "34"]
[EventDate "2019.04.24"]
[EventType "schev"]
[EventCountry "TUR"]
[SourceTitle "playchess.com"]
[Source "ChessBase"]
[SourceQuality "1"]

{[%evp 17,34,23,24,22,20,19,23,1,15,14,15,13,83,0,14,0,106,0,15]} 1. d4 d5 2. c4 c6 3. cxd5 cxd5 4. Bf4 Nc6 5. e3 a6 6. Nc3 Nf6 7. Bd3 Bg4 8. Nge2 e6 9. O-O Bd6 10. f3 {D10: Slav Defence: 3 cxd5 (without early Nf3) and 3 Nc3} Bh5 11. Rc1 O-O 12. Na4 {White has an edge.} e5 13. dxe5 Nxe5 {[#]} 14. Bg5 $146 ({Predecessor:} 14. Nd4 Bg6 15. Bxg6 Nxg6 16. Bxd6 Qxd6 17. Qd2 {½-½ (58) Khenkin,I (2632)-Bluebaum,M (2407) Osterburg 2012}) 14... Ned7 (14... h6 $11 15. Bxf6 Qxf6) 15. Bf4 (15. Bf5 $16) 15... Ne5 $11 16. Bg5 ({White should play} 16. g4 $11 Bg6 17. Bxg6 Nxg6 18. Bxd6 Qxd6 19. Nd4) 16... Ned7 $16 17. Bf4 (17. Bf5 $16) 17... Ne5 1/2-1/2

[Event "IM Marmaris Karia VI 2019"]
[Site "Marmaris"]
[Date "2019.04.23"]
[Round "2.2"]
[White "Simantsev, Mikhail"]
[Black "Mammadova, Narmin"]
[Result "1/2-1/2"]
[WhiteElo "2395"]
[BlackElo "2292"]
[Annotator "TA"]
[PlyCount "41"]
[EventDate "2019.04.24"]
[EventType "schev"]
[EventCountry "TUR"]
[SourceTitle "playchess.com"]
[Source "ChessBase"]
[SourceQuality "1"]

{[%evp 15,41,27,27,31,24,33,29,18,27,0,12,-8,35,26,62,12,3,0,59,75,73,0,36,0,73,0,51,0]} 1. d4 d5 2. c4 dxc4 3. Nf3 Nf6 4. e3 e6 5. Bxc4 a6 6. O-O b5 7. Bd3 Bb7 8. a4 b4 9. Nbd2 {D26: Queen's Gambit Accepted: 4 e3 e6 5 Bxc5 c5 sidelines} c5 10. Qe2 cxd4 (10... Nc6 11. dxc5 Bxc5 12. Rd1 O-O 13. Nb3 Bd6 14. e4 Qc7 15. Bg5 Ng4 16. h3 Nge5 {1-0 (28) Ragger,M (2698)-Guliyev,N (2579) Berlin 2015}) 11. exd4 {White has an edge.} Be7 12. Nc4 O-O 13. Bf4 Nbd7 14. a5 Nd5 15. Bg3 N7f6 16. Nfe5 Rc8 ({Black should try} 16... g6 $11) 17. Nd2 $14 Ra8 $146 ({Predecessor:} 17... Nc7) 18. Ndc4 Rc8 19. Nd2 Ra8 20. Ndc4 Rc8 21. Nd2 {Accuracy: White = 34%, Black = 71%.} (21. Ne3 $14) 1/2-1/2

[Event "IM Marmaris Karia VI 2019"]
[Site "Marmaris"]
[Date "2019.04.23"]
[Round "2.3"]
[White "Guseynov, Alihan"]
[Black "Atakishiyev, Elmar"]
[Result "1/2-1/2"]
[WhiteElo "2340"]
[BlackElo "2114"]
[Annotator "TA"]
[PlyCount "61"]
[EventDate "2019.04.24"]
[EventType "schev"]
[EventCountry "TUR"]
[SourceTitle "playchess.com"]
[Source "ChessBase"]
[SourceQuality "1"]

{[%evp 18,61,14,6,37,6,47,33,25,20,20,15,39,4,23,0,1,3,52,8,43,41,37,29,45,4,0,0,5,0,0,-32,0,-25,0,0,0,0,0,0,0,0,36,0,13,0]} 1. Nf3 d5 2. d4 Nf6 3. c4 c6 4. e3 e6 5. Nc3 Nbd7 6. Qc2 Bd6 7. b3 b6 8. Bb2 Bb7 9. Bd3 O-O 10. O-O Qe7 {D45: Semi-Slav: 5 e3} (10... Re8 11. Rad1 Rc8 12. Rfe1 e5 13. dxe5 Nxe5 14. Nxe5 Bxe5 15. Bf5 Rc7 16. Ne2 Bxb2 17. Qxb2 Qe7 18. cxd5 Nxd5 {1-0 (74) Postny,E (2615)-Dreev,A (2670) St Petersburg 2018}) 11. Rad1 Rad8 12. Rfe1 Rfe8 {White is slightly better.} 13. e4 dxe4 14. Nxe4 Nxe4 15. Bxe4 Nf6 {[%cal Bd7f6,Bf6h5,Bh5f4,Bf4g6,Bg6e7,Be7f5][%mdl 32]} 16. Bd3 h6 17. h3 Nh5 $146 ({Predecessor:} 17... Qf8 18. Qe2 {½-½ (45) Gholami,A (2461)-Rydstrom,T (2315) Bhubaneswar 2016}) 18. Bf1 Nf4 19. g3 Ng6 20. Bg2 Qc7 21. Ne5 Bxe5 22. dxe5 c5 23. f4 Bxg2 24. Qxg2 Ne7 25. Qf3 Nf5 26. Kf2 Rxd1 27. Rxd1 Rd8 28. Bc3 Rd7 29. g4 Nd4 30. Bxd4 cxd4 31. Qa8+ {Accuracy: White = 50%, Black = 43%.} 1/2-1/2

[Event "IM Marmaris Karia VI 2019"]
[Site "Marmaris"]
[Date "2019.04.23"]
[Round "2.4"]
[White "Darban, Morteza"]
[Black "Arda, Cagil Irmak"]
[Result "1-0"]
[WhiteElo "2307"]
[BlackElo "2070"]
[Annotator "TA"]
[PlyCount "89"]
[EventDate "2019.04.24"]
[EventType "schev"]
[EventCountry "TUR"]
[SourceTitle "playchess.com"]
[Source "ChessBase"]
[SourceQuality "1"]

{[%evp 9,89,-22,-25,-18,-13,-9,-5,-37,-28,-21,0,-15,0,0,0,0,0,0,0,-16,0,0,13,-9,54,49,65,56,56,56,41,55,95,55,55,11,12,0,14,8,12,37,29,29,30,18,6,0,38,42,40,46,90,70,70,68,195,198,188,75,92,110,80,77,77,53,79,80,1219,1208,1182,1161,1147,1105,1809,1547,1194,1193,29988,29989,29989,29990]} 1. g3 Nf6 2. Bg2 e6 3. e4 d5 4. e5 Nfd7 5. Nf3 c5 6. O-O {C00: French: Unusual White 2nd moves} Nc6 7. Re1 Be7 8. d3 {The position is equal.} O-O 9. a4 $146 ({Predecessor:} 9. c4 dxc4 10. Nc3 Nb6 11. dxc4 Qxd1 12. Nxd1 Nxc4 13. b3 Nb6 14. Bg5 Bd7 15. Rc1 {0-1 (37) Koch,J (2453)-Chuchelov,V (2551) France 2008}) 9... b6 10. h4 Bb7 11. Bf4 a6 12. Na3 Re8 13. c3 Rc8 14. Bf1 Nf8 15. d4 Ng6 16. Bd2 cxd4 (16... h6 $11) 17. cxd4 $14 Bb4 18. Nc2 Bxd2 19. Qxd2 Na5 20. Rab1 Qd7 21. b3 Qc7 22. Nb4 Qc3 23. Re3 Qxd2 24. Nxd2 Nc6 25. Nxc6 Rxc6 26. b4 Rec8 27. Nb3 Ne7 28. Bd3 Nf5 29. Bxf5 exf5 30. a5 Rc4 31. e6 Rxb4 32. e7 Bc6 ({Black should play} 32... Re8 $14) 33. Rc1 $40 {[%mdl 128] White attacks with force.} Rc4 {[#]} 34. axb6 (34. Ree1 $1 $18 {is the precise move to win.} b5 35. Nd2) 34... Rxc1+ $16 35. Nxc1 $18 {[%mdl 4096] Endgame KRB-KRN} Be8 36. Ne2 {Threatens to win with Rc3.} Rb8 37. Rb3 {Black must now prevent Nc3.} f6 38. Nf4 Bc6 $2 {[%mdl 8192]} (38... a5 $16) 39. Ne6 a5 {[#]} 40. b7 $1 {[%mdl 512]} a4 (40... Rxb7 41. Rxb7) 41. Rb6 Bd7 42. Nc5 Be8 43. Na6 a3 44. Nxb8 a2 45. Ra6 {Accuracy: White = 63%, Black = 44%.} 1-0

[Event "IM Marmaris Karia VI 2019"]
[Site "Marmaris"]
[Date "2019.04.23"]
[Round "2.5"]
[White "Morozov, Nichita"]
[Black "Kizilkus, Akin"]
[Result "1-0"]
[WhiteElo "2398"]
[BlackElo "2018"]
[Annotator "TA"]
[PlyCount "131"]
[EventDate "2019.04.24"]
[EventType "schev"]
[EventCountry "TUR"]
[SourceTitle "playchess.com"]
[Source "ChessBase"]
[SourceQuality "1"]

{[%evp 9,131,-6,-1,-4,20,-12,5,-8,0,-91,-99,-109,-90,-71,-42,-54,-59,-152,-158,-147,-161,-167,-130,-186,-199,-279,-272,-278,-265,-296,-288,-393,-379,-437,-354,-511,-186,-188,-183,-182,-182,-180,-187,-180,-187,-187,-175,-186,-188,-200,-197,-246,-216,-265,-262,-263,-208,-191,0,-264,0,-199,0,-198,-175,-213,-202,-242,-232,-241,-129,-121,-87,-79,-79,-75,-75,-81,-56,-61,-23,-55,0,0,0,0,0,-26,-22,-25,0,0,85,83,99,100,113,95,96,95,120,120,121,121,121,106,101,65,65,64,58,36,151,154,152,148,162,165,165,164,456,246,843,409]} 1. e4 e6 2. Qe2 c5 3. Nf3 Nc6 4. g3 g6 5. Bg2 Bg7 6. c3 {C00: French: Unusual White 2nd moves} (6. O-O Nge7 7. Rd1 Nd4 8. Nxd4 cxd4 9. c3 Nc6 10. Na3 O-O 11. Nc2 d5 12. exd5 exd5 13. Qf3 Ne5 14. Qxd5 Qxd5 15. Bxd5 {1-0 (64) Kovalenko,I (2639)-Duda,J (2717) Katowice 2017}) 6... d6 7. h4 Nf6 8. d3 {The position is equal.} O-O 9. h5 $146 (9. Na3 $11 {remains equal.}) ({Predecessor:} 9. Nbd2 Qc7 10. Nf1 b5 11. N1h2 b4 12. c4 Bb7 13. Bf4 a5 {½-½ (46) Nitin,S (2422)-Hari,M (2112) Chennai 2018}) 9... Nxh5 $17 10. Bg5 f6 $36 {[%mdl 2048] Black is really pushing.} 11. Bd2 {With the idea g4.} e5 12. Na3 Be6 13. Rh4 (13. Nh4 $15) 13... d5 14. O-O-O dxe4 15. dxe4 {And now g4 would win.} Qe7 16. Rdh1 (16. Qb5 $17) 16... Bxa2 $19 17. Rxh5 (17. Qb5 $142 a6 18. Qb6) 17... gxh5 18. Nh4 Na5 {...Rfd8 is the strong threat.} 19. Nf5 Nb3+ 20. Kc2 Qd7 21. Be3 Rad8 22. Nb5 (22. f4 $142) 22... a6 $2 (22... Na5 {White must now prevent ...Bc4.} 23. b4 cxb4 24. cxb4 Nc4) 23. Nbd6 Qa4 $1 24. Qc4+ Qxc4 25. Nxc4 {[#]} Na1+ $1 {[%mdl 64] Discovered Attack} 26. Rxa1 Bxc4 27. Bxc5 Bd3+ $1 28. Kb3 Rf7 29. Bf3 Bf8 30. Be3 Rc8 31. Rh1 Rd7 32. Rxh5 Bc4+ 33. Kc2 Bd3+ (33... Rcc7 $142 34. Bh6 Rc6 35. Bxf8 Kxf8) 34. Kb3 $1 Bc4+ 35. Kc2 Bd3+ $2 ({Better is} 35... Rc6 $19 36. Bg4 Rd8) 36. Kc1 $2 (36. Kb3 $1 $11 {and White stays safe.}) 36... Rc4 {Strongly threatening ...Ra4.} 37. Bg4 Rxe4 38. Nh6+ Bxh6 $1 39. Be6+ Kh8 (39... Kg7 $19 40. Bxd7 Bxe3+ 41. fxe3 Rxe3) 40. Rxh6 $17 Re7 41. Bd5 {[#]} Rxe3 $1 42. fxe3 {[%mdl 4096] Endgame KRB-KRB} Kg7 43. Rh4 Rd7 44. e4 b6 45. Be6 Re7 (45... Rd8 $15) 46. Bf5 $11 Kh8 47. Rh6 Rf7 48. Rh2 Bb5 49. Rd2 Rc7 50. Rd6 Kg7 (50... Rc6 $11 51. Rd8+ Kg7) 51. Rxb6 $16 Bf1 52. Kc2 h5 53. b3 a5 54. Rd6 Kf7 55. Rd8 Ra7 56. Rh8 {Threatens to win with Rh7+.} Ra6 57. Rh7+ Kf8 58. Rxh5 a4 $1 59. bxa4 Rxa4 60. Kb3 Ra5 {[#]} (60... Ra6 $14) 61. c4 $1 Ra1 62. Kb4 Rb1+ 63. Kc5 Rc1 {[#]} 64. Be6 $1 Rc3 $2 (64... Bd3 {might work better.}) 65. Bd5 (65. Rh7 $142) 65... Rxg3 $2 (65... Kg7 66. Rh2 Bd3) 66. Rh8+ {Played: Rh5-f5} 1-0

[Event "IM Marmaris Karia VI 2019"]
[Site "Marmaris"]
[Date "2019.04.24"]
[Round "3.1"]
[White "Suleymanli, Aydin"]
[Black "Simantsev, Mikhail"]
[Result "1/2-1/2"]
[WhiteElo "2334"]
[BlackElo "2395"]
[Annotator "TA"]
[PlyCount "58"]
[EventDate "2019.04.24"]
[EventType "schev"]
[EventCountry "TUR"]
[SourceTitle "playchess.com"]
[Source "ChessBase"]
[SourceQuality "1"]

{[%evp 18,58,-1,-4,0,-8,0,-8,0,0,0,0,0,0,0,0,3,-14,-30,-19,-6,-6,-6,-6,-7,-6,-6,-6,-6,-9,-5,-7,-4,-6,-7,-7,0,-8,0,-9,0,-13,0]} 1. d4 Nf6 2. c4 e6 3. Nc3 Bb4 4. e3 c5 5. Bd3 O-O 6. Nge2 cxd4 7. exd4 d5 8. O-O dxc4 9. Bxc4 Nc6 10. Bg5 h6 {E48: Nimzo-Indian: Rubinstein: 5 Bd3 d5 including 6 Ne2, but excluding 6 a3} (10... Be7 11. a3 Nd5 12. Bxe7 Ncxe7 13. Re1 b6 14. Bxd5 Nxd5 15. Nxd5 Qxd5 16. Nc3 Qg5 17. Qf3 Rb8 18. Rad1 Bb7 19. Qg3 Qxg3 20. hxg3 {1-0 (46) Rakhmanov,A (2654)-Sarana,A (2543) Sochi 2017}) 11. Bh4 Be7 12. a3 b6 13. Qd3 Bb7 14. Rad1 Nh5 $146 ({Predecessor:} 14... Rc8 15. Ba2 Qd7 16. f4 Rfd8 17. f5 Nxd4 18. Nxd4 {½-½ (51) Khudyakov,A (2168)-Chulivska,V (2045) Alushta 2002}) 15. Bg3 Nxg3 16. hxg3 Bf6 17. Ba6 Bxa6 18. Qxa6 Nxd4 {The position is equal.} 19. Nxd4 Bxd4 20. Ne2 e5 21. Nxd4 exd4 22. Qa4 d3 {next ...Re8 is good for Black.} 23. Qb3 Qf6 24. Rxd3 Rad8 25. Rf3 Qe5 26. Re3 Qf6 27. Rf3 Qe5 28. Re3 Qf6 29. Rf3 Qe5 {Accuracy: White = 89%, Black = 53%.} 1/2-1/2

[Event "IM Marmaris Karia VI 2019"]
[Site "Marmaris"]
[Date "2019.04.24"]
[Round "3.2"]
[White "Mammadova, Narmin"]
[Black "Guseynov, Alihan"]
[Result "1-0"]
[WhiteElo "2292"]
[BlackElo "2340"]
[Annotator "TA"]
[PlyCount "67"]
[EventDate "2019.04.24"]
[EventType "schev"]
[EventCountry "TUR"]
[SourceTitle "playchess.com"]
[Source "ChessBase"]
[SourceQuality "1"]

{[%evp 9,67,23,41,48,38,23,23,23,22,16,27,14,20,23,16,16,20,11,15,1,9,1,20,0,29,21,26,0,18,14,38,29,29,30,28,27,25,23,28,16,33,17,49,26,13,18,0,0,69,63,77,70,69,77,127,129,291,291,403,395]} 1. e4 d5 2. exd5 Qxd5 3. Nc3 Qd6 4. d4 Nf6 5. h3 (5. Nf3 c6 6. g3 Bf5 7. Bg2 h6 8. O-O e6 9. Na4 Nbd7 10. Bf4 Qe7 11. c4 g5 12. Be3 Bg7 13. Qb3 Rb8 {1-0 (88) Grandelius,N (2655)-Andreikin,D (2723) Porto Carras 2018}) 5... c6 6. Nf3 {B01: Scandinavian Defence} Bf5 7. Bd3 (7. Nh4 {is interesting.} Bg6 8. Nxg6 hxg6 9. Be3 Nbd7 10. Qf3) 7... Bxd3 8. Qxd3 {White has an edge.} Nbd7 9. O-O e6 10. Ne2 Qc7 11. c4 Bd6 12. c5 $146 ({Predecessor:} 12. Bd2 O-O 13. b4 e5 14. dxe5 Nxe5 15. Nxe5 Bxe5 {½-½ (35) Kopera,M (2146)-Vacek,O (2147) Slovakia 2010}) 12... Be7 13. Bf4 Qc8 14. Nc3 O-O 15. Rfe1 Rd8 16. Qc2 Nf8 17. Bg3 Ng6 18. Rad1 Rd7 19. a3 Bd8 20. Ne5 Nxe5 21. dxe5 Rxd1 22. Rxd1 Nd5 23. Ne4 Be7 24. Qe2 a5 25. Qg4 a4 26. Bh4 {Black must now prevent Bxe7.} Bf8 27. Rd3 Qc7 $1 {[%cal Rc7e5]} 28. Bf6 {[#] aiming for Bxg7!} g6 (28... Qa5 $11) 29. h4 $1 $14 {[%cal Rh4h5] And now h5 would win.} Bg7 30. Bxg7 Kxg7 31. Nd6 $36 {[%mdl 2048] Rf3 is the strong threat. White is in control.} h5 32. Qd4 b6 $2 {[#]} (32... Qa5 $16) 33. Rf3 $1 $18 bxc5 34. Qxc5 {Accuracy: White = 40%, Black = 41%.} 1-0

[Event "IM Marmaris Karia VI 2019"]
[Site "Marmaris"]
[Date "2019.04.24"]
[Round "3.3"]
[White "Atakishiyev, Elmar"]
[Black "Darban, Morteza"]
[Result "1-0"]
[WhiteElo "2114"]
[BlackElo "2307"]
[Annotator "TA"]
[PlyCount "81"]
[EventDate "2019.04.24"]
[EventType "schev"]
[EventCountry "TUR"]
[SourceTitle "playchess.com"]
[Source "ChessBase"]
[SourceQuality "1"]

{[%evp 17,81,39,53,37,78,62,109,108,113,117,119,108,161,173,259,257,248,252,313,305,406,353,360,329,325,335,692,678,636,636,575,430,396,410,1226,610,586,606,575,493,478,454,648,644,710,721,658,599,581,576,808,887,883,878,766,720,683,680,903,903,903,903,900,890,826,792]} 1. d4 f5 2. c4 Nf6 3. Nc3 g6 4. Nf3 Bg7 5. g3 O-O 6. Bg2 d6 7. O-O c6 8. b3 a5 9. Bb2 Na6 10. Qd2 {A88: Dutch Defence: Leningrad System: 5 Nf3 0-0 6 0-0 d6 7 Nc3 c6} (10. Re1 Qc7 11. e4 e5 12. c5 dxc5 13. dxe5 Nxe4 14. Qe2 Nxc3 15. Bxc3 Qe7 16. Bxa5 Be6 17. Rad1 Nb4 18. Bxb4 cxb4 {½-½ (53) Bok,B (2622)-Cheparinov,I (2693) Batumi 2018}) 10... h6 11. Rad1 Bd7 12. Nh4 $146 {White is better.} ({Predecessor:} 12. d5 Nc5 13. Nd4 Qe8 14. Qc2 Rc8 15. a3 Nh5 16. b4 axb4 17. axb4 Na6 {0-1 (52) Till,E (2084)-Finster,M Bayern 2000}) 12... g5 13. Ng6 Rf7 14. h4 g4 (14... Kh7 $16) 15. e4 $18 Nxe4 (15... Nh5 $142 16. Ne2 a4) 16. Nxe4 fxe4 17. Bxe4 Nc7 18. d5 c5 19. Bxg7 Kxg7 20. Nf4 Qf8 21. Rde1 ({But not} 21. Ng6 Qd8) 21... b6 $2 {[#]} (21... Kg8 22. Qd3 Be8) 22. Ng6 Qe8 23. Qb2+ Rf6 24. Bb1 e5 25. dxe6 $1 Bxe6 (25... Nxe6 $142 26. Nf4 Nxf4) 26. Nf4 (26. f3 $142 gxf3 27. Rxf3) 26... Kf7 27. Nh5 Qh8 28. Nxf6 Qxf6 29. Qd2 Rd8 (29... d5 $142 30. Qd3 Rd8) 30. Re4 {[#] Strongly threatening Rf4.} Kg8 31. Rf4 Qg7 32. Bf5 Bxf5 33. Rxf5 Rf8 34. Rxf8+ Qxf8 {[%mdl 4096] Endgame KQR-KQN} 35. Re1 Qf6 36. Rd1 Ne8 37. Qe2 Qg6 38. Qe7 Qf7 39. Re1 Qxe7 40. Rxe7 Ng7 41. Rb7 {Accuracy: White = 76%, Black = 32%.} 1-0